00829nam a2200241Ia 4500003000400000005001700004006001800021007000300039008004100042024001100083037001100094040001800105041001300123100001600136110009500152245014400247260000900391300001800400650002100418700002600439700002700465700009500492OSt20220930081910.0a|||||r|||| 00| 0ta220926b |||||||| |||| 00| 0 eng d a109260 cTheses aCRLcCRLbeng 2engaeng aBehl Deepti aUniversity of Delhi. Faculty of Medical Sciences. Department of Obstetrics and Gynaecology 0aTo evaluate the effectiveness of vaginal misoprostol in cervical priming prior to hysteroscopy in peri menopausal and post menopausal women c2008 a91p.ap.ccm. aWOMEN - DISEASES a Dr. G. K. Sharma Gu. a Dr. S. S. Trivedi Gu. aUniversity of Delhi. Faculty of Medical Sciences. Department of Obstetrics and Gynaecology